| 000 | 02426nam a22002777a 4500 | ||
|---|---|---|---|
| 001 | 48558 | ||
| 003 | UA-OsUOA | ||
| 005 | 20260508113858.0 | ||
| 007 | ta | ||
| 008 | 20130602b un ||un o|||| 00| 0 ukr dukr d | ||
| 020 | _a9789668499883 | ||
| 040 |
_aUA-OsUOA _bukr _cUA-OsUOA _dUA-OsUOA |
||
| 041 | _aukr | ||
| 080 | _a94(477)"1918" | ||
| 090 |
_a94(477)"1918" _bК84 |
||
| 245 |
_aКрути _bзбірка у пам'ять героїв Крут _cупор. Осип Зінкевич, Надія Зінкевич |
||
| 260 |
_aКиїв _bСмолоскип _c2008 |
||
| 300 | _a422 с. | ||
| 520 | _a29 січня 1918 року відбулась надзвичайно трагічна подія в українській історії - бій під Крутами. Уряд УНР, опинившись без війська, кинув на протистояння з російською армією, що йшла на Київ, кілька сотень погано озброєнних українських студентів та гімназистів. Майже всі вони полягли у нерівному бою. Цей бій отримав величезне символічне значення - і саме його намагалися. До збірки "Крути", виданої "Смолоскипом" до 90-річчя бою, увійшли найрізноматніші матеріали. Це й історичні матеріали та статті, в яких рокривається хід та причини трагедії, і художні твори, але насамперед - публіцистика різних часів. Найцінніша частина книги - спогади нечисленних учасників бою, яким вдалося вижити. Багато матеріалів, узятих із важкодоступних діаспорних видань, публікуються в Україні вперше. Книга розграхована на широке коло читачів, зокрема молодь. | ||
| 650 | 7 |
_a94(477) Історія України _2UDC _919 |
|
| 700 | 1 |
_aЗінкевич О. _92921 |
|
| 700 | 1 |
_aЗінкевич Н. _925199 |
|
| 942 |
_cBK _2udc |
||
| 955 | _a4 | ||
| 999 |
_c428663 _d428663 |
||